Racionálna organizácia podniku

Uložené v:
Podrobná bibliografia
Hlavný autor: Dzurko, Ján
Médium: Kniha
Jazyk:Slovak
Vydavateľské údaje: Bratislava Práca 1979
Tagy: Pridať tag
Žiadne tagy, Buďte prvý, kto otaguje tento záznam!

MARC

LEADER 00000nam a2200000 4500
001 0223437
005 20240822101704.8
041 0 |a slo 
044 |a SK 
245 1 0 |a Racionálna organizácia podniku  |c Ján Dzurko 
264 1 |a Bratislava  |b Práca  |c 1979 
300 |a 169 s. 
100 1 |a Dzurko, Ján